000
00340nam a2200133Ia 4500
008
151001s9999||||xx |||||||||||||| ||und||
100
_a
बाळ गाडगीळ
245
_a
अमेरीकन संस्कृती
250
_a
1
260
_b
मेघना
260
_c
2007
300
_a
208
365
_b
18
999
_c
988207
_d
988204